<?xml version="1.0" encoding="UTF-8"?>
<record
    xmlns:xsi="http://www.w3.org/2001/XMLSchema-instance"
    xsi:schemaLocation="http://www.loc.gov/MARC21/slim http://www.loc.gov/standards/marcxml/schema/MARC21slim.xsd"
    xmlns="http://www.loc.gov/MARC21/slim">

  <leader>00769nam a2200181Ia 4500</leader>
  <controlfield tag="008">090630s9999    xx            000 0 und d</controlfield>
  <datafield tag="082" ind1=" " ind2=" ">
    <subfield code="b">28301</subfield>
  </datafield>
  <datafield tag="100" ind1=" " ind2=" ">
    <subfield code="a">&#x91C;&#x93E;&#x927;&#x935; &#x938;&#x902;&#x91C;&#x92F;.</subfield>
  </datafield>
  <datafield tag="245" ind1=" " ind2=" ">
    <subfield code="a">&#x906;&#x935;&#x933;&#x93E; &#x932;&#x93E;&#x917;&#x935;&#x921;;  &#x906;&#x935;&#x933;&#x93E; &#x92A;&#x94D;&#x930;&#x915;&#x94D;&#x930;&#x93F;&#x92F;&#x93E; &#x909;&#x926;&#x94D;&#x92F;&#x94B;&#x917;.</subfield>
    <subfield code="c">&#x91C;&#x93E;&#x927;&#x935; &#x938;&#x902;&#x91C;&#x92F;.</subfield>
  </datafield>
  <datafield tag="260" ind1=" " ind2=" ">
    <subfield code="b">&#x92A;&#x941;&#x937;&#x94D;&#x92A;&#x915; &#x938;&#x94D;&#x935;&#x92F;&#x902;&#x938;&#x947;&#x935;&#x940; &#x938;&#x902;&#x938;&#x94D;&#x925;&#x93E;.</subfield>
    <subfield code="c">2005</subfield>
  </datafield>
  <datafield tag="300" ind1=" " ind2=" ">
    <subfield code="a">63</subfield>
  </datafield>
  <datafield tag="600" ind1=" " ind2=" ">
    <subfield code="a">&#x91C;&#x93E;&#x927;&#x935; &#x938;&#x902;&#x91C;&#x92F;.</subfield>
  </datafield>
  <datafield tag="630" ind1=" " ind2=" ">
    <subfield code="a">&#x906;&#x935;&#x933;&#x93E; &#x932;&#x93E;&#x917;&#x935;&#x921;;  &#x906;&#x935;&#x933;&#x93E; &#x92A;&#x94D;&#x930;&#x915;&#x94D;&#x930;&#x93F;&#x92F;&#x93E; &#x909;&#x926;&#x94D;&#x92F;&#x94B;&#x917;.</subfield>
  </datafield>
  <datafield tag="655" ind1=" " ind2=" ">
    <subfield code="a">&#x907;&#x924;&#x930;.</subfield>
  </datafield>
  <datafield tag="700" ind1=" " ind2=" ">
    <subfield code="a">&#x91C;&#x93E;&#x927;&#x935; &#x938;&#x902;&#x91C;&#x92F;.</subfield>
  </datafield>
  <datafield tag="730" ind1=" " ind2=" ">
    <subfield code="a">&#x906;&#x935;&#x933;&#x93E; &#x932;&#x93E;&#x917;&#x935;&#x921;;  &#x906;&#x935;&#x933;&#x93E; &#x92A;&#x94D;&#x930;&#x915;&#x94D;&#x930;&#x93F;&#x92F;&#x93E; &#x909;&#x926;&#x94D;&#x92F;&#x94B;&#x917;.</subfield>
  </datafield>
  <datafield tag="942" ind1=" " ind2=" ">
    <subfield code="c">BOOK</subfield>
  </datafield>
  <datafield tag="999" ind1=" " ind2=" ">
    <subfield code="c">280157</subfield>
    <subfield code="d">280157</subfield>
  </datafield>
  <datafield tag="952" ind1=" " ind2=" ">
    <subfield code="0">0</subfield>
    <subfield code="1">0</subfield>
    <subfield code="4">0</subfield>
    <subfield code="7">0</subfield>
    <subfield code="a">SAWASHRI</subfield>
    <subfield code="b">SAWASHRI</subfield>
    <subfield code="d">0000-00-00</subfield>
    <subfield code="g">50.00</subfield>
    <subfield code="l">0</subfield>
    <subfield code="o">28301</subfield>
    <subfield code="p">SAWASHRI-28301</subfield>
    <subfield code="r">2009-06-30 00:00:00</subfield>
    <subfield code="v">50.00</subfield>
    <subfield code="w">2009-06-30</subfield>
    <subfield code="y">BOOK</subfield>
  </datafield>
</record>
